000 00868nam a2200217 4500
001 112847
003 ES-MaACL
005 20230906185643.0
007 t|
008 061121s1963 sp r ||||1| spa d
100 1 _aMurphy, T.
_984627
245 1 0 _aMétodos estadísticos en la tecnología textil /
_cpor T. Murphy, K. P. Norris, L. H. C. Tippett ; versión y traducción por Federico López-Amo Marín y Félix Sana de Llanos.
260 _aTarrasa (Barcelona) :
_bEscuela Técnica Superior de Ingenieros Industriales,
_c1963.
300 _a122 p. ;
_c21 cm.
700 1 _aNorris, K. P.
_986001
700 1 _aTippett, L. H. C.
_9110320
700 1 _aLópez-Amo Marín, Federico.
_973401
700 1 _aSans de Llanos, Félix.
_9103204
710 2 _aEscuela Técnica Superior de Ingenieros Industriales (Barcelona)
_93613
852 _aES-MaACL
_jC-24500
_bR.53293
999 _c112847
_d112847